000 00302nam a2200109Ia 4500
008 231017s9999 xx 000 0 und d
245 0 _aCulvert Repair Practices Manual Vol-II
245 0 _cUS Department of Transportation
260 _bUS Department of Transportation
300 _c30cm
942 _cREP
999 _c604988
_d604988